Foundation design / (Record no. 18611)
[ view plain ]
| 000 -LEADER | |
|---|---|
| fixed length control field | 00312nam a22001457a 4500 |
| 003 - CONTROL NUMBER IDENTIFIER | |
| control field | OSt |
| 008 - FIXED-LENGTH DATA ELEMENTS--GENERAL INFORMATION | |
| fixed length control field | 241216b |||||||| |||| 00| 0 eng d |
| 041 ## - LANGUAGE CODE | |
| Language code of text/sound track or separate title | eng |
| 082 ## - DEWEY DECIMAL CLASSIFICATION NUMBER | |
| Classification number | 624.15 |
| Item number | TEN/FO |
| 100 ## - MAIN ENTRY--AUTHOR NAME | |
| Personal name | Teng, Wayne C. |
| 245 ## - TITLE STATEMENT | |
| Title | Foundation design / |
| 260 ## - PUBLICATION, DISTRIBUTION, ETC. (IMPRINT) | |
| Year of publication | 1962. |
| 300 ## - PHYSICAL DESCRIPTION | |
| Number of Pages | 466 p. |
| 942 ## - ADDED ENTRY ELEMENTS (KOHA) | |
| Koha item type | Books |
| Withdrawn status | Lost status | Damaged status | Home library | Current library | Date acquired | Accession Number | Koha item type | Public note |
|---|---|---|---|---|---|---|---|---|
| Withdrawn | KAUAET | KAUAET | 16/12/2024 | 10863 | Books | Withdrawn as per order no D3-2081/95 dated 09/01/97 |
